Najwięcej selekcji gwiazd NBA według zespołu - Statystyki

Ogólne statystyki
  • Ten quiz został rozwiązany 109 razy
  • Średni wynik to 9 z 35
Statystyki odpowiedzi
# Zespół Graczy % Poprawnych
10 Cavaliers LeBron James
92%
18 Lakers Kobe Bryant
77%
12 Bulls Michael Jordan
69%
15 Spurs Tim Duncan
64%
10 Warriors Stephen Curry
62%
14 Mavericks Dirk Nowitzki
61%
14 Jazz Karl Malone
56%
10 Timberwolves Kevin Garnett
46%
8 Bucks Giannis Antetokounmpo
34%
12 Rockets Hakeem Olajuwon
31%
11 Knicks Patrick Ewing
30%
12 Pistons Isiah Thomas
25%
5 Clippers Chris Paul
20%
11 Hawks Bob Pettit
18%
9 Thunder / Sonics Gary Payton
18%
13 Heat Dwyane Wade
16%
6 Suns Steve Nash
16%
8 Trail Blazers Clyde Drexler
15%
6 Magic Dwight Howard
15%
10 Kings / Royals Oscar Robertson
15%
5 Clippers Blake Griffin
13%
13 Celtics Bob Cousy
13%
5 Nets Jason Kidd
13%
3 Hornets Kemba Walker
13%
13 Celtics John Havlicek
10%
3 Grizzlies Marc Gasol
10%
8 Nuggets Alex English
8%
6 Pelicans Anthony Davis
7%
12 76ers / Nationals Dolph Schayes
2%
8 Wizards / Bullets Elvin Hayes
2%
6 Pacers Jermaine O'Neal
2%
6 Raptors Kyle Lowry
2%
10 Warriors Paul Arizin
2%
3 Hornets Glen Rice
0%
6 Suns Walter Davis
0%
Nie znaleziono quizów pasujących do podanych kryteriów
Rozkład punktacji
Procent ludzi z każdym wynikiem
Percentyl według liczby udzielonych odpowiedzi
Twoja historia wyników
Nie rozwiązałeś tego quizu